• 首页
  • 本馆介绍
  • 公告通知
  • 最新文献
  • 馆藏检索
  • 电子资源
  • 读者荐购
  • 参考咨询
  • CALIS
  • 我的图书馆
  • 登录
  • 详细信息显示
  • 放入我的书架
  • 预约/预借图书
  • 作者相关作品
  • 分类相关作品
  • 丛书相关作品
  • 出版社相关作品

书目信息

  • 表格格式
  • 工作单格式
  • 卡片格式
题名:
全国注册安全工程师继续教育培训教材
    
 
作者: 王海勇 主编
分册:   通用部分
出版信息: 北京   气象出版社  2014.05
页数: 167页
开本: 26cm
丛书名:
单 册:
中图分类: X93
科图分类:
主题词: 安全工程师--an quan gong cheng shi--继续教育--教材
电子资源:
ISBN: 978-7-5029-5919-7
 
 
 
 
 
000 01123nam 2200241 450
001 CAL 006595232
005 20150814082531.35
010    @a978-7-5029-5919-7@dCNY35.00
100    @a20140717d2014 em y0chiy50 ea
101 0  @achi
102    @aCN@b110000
106    @ar
200 1  @a全国注册安全工程师继续教育培训教材@Aquan guo zhu ce an quan gong cheng shi ji xu jiao yu pei xun jiao cai@i通用部分@f本册主编王海勇@g《全国注册安全工程师继续教育培训教材》编委会 [编]
210    @a北京@c气象出版社@d2014.05
215    @a167页@d26cm
330    @a本书以国家安全生产监督管理总局颁布的《注册安全工程师继续教育大纲 (试行) 》为指导, 参照《全国注册安全工程师执业资格考试大纲》, 介绍了各类注册安全工程师进行继续教育需要了解掌握的通用知识, 如职业道德规范、安全生产相关法律法规、安全生产管理、安全生产监察、安全评价、职业危害预防、应急管理、安全事故调查、安全生产统计分析等。
517 1  @a通用部分@Atong yong bu fen
586    @a
606 0  @a安全工程师@Aan quan gong cheng shi@x继续教育@j教材
690    @aX93@v5
701  0 @a王海勇@Awang hai yong@4主编
801  0 @aCN@c20150820
905    @a河南城建学院图书馆@dX93@eW2081@f2
    
    全国注册安全工程师继续教育培训教材.通用部分/本册主编王海勇/《全国注册安全工程师继续教育培训教材》编委会 [编].-北京:气象出版社,2014.05
    167页;26cm
    
    
    ISBN 978-7-5029-5919-7:CNY35.00
    本书以国家安全生产监督管理总局颁布的《注册安全工程师继续教育大纲 (试行) 》为指导, 参照《全国注册安全工程师执业资格考试大纲》, 介绍了各类注册安全工程师进行继续教育需要了解掌握的通用知识, 如职业道德规范、安全生产相关法律法规、安全生产管理、安全生产监察、安全评价、职业危害预防、应急管理、安全事故调查、安全生产统计分析等。
●
相关链接 在E读中查询图书 在当当中查询图书 在豆瓣中查询图书


正题名:全国注册安全工程师继续教育培训教材     索取号:X93/W2081         预约/预借

序号 登录号 条形码 馆藏地/架位号 状态 备注
1 1164103   211641035   自科库501/501自科库 121排2列2层/ [索取号:X93/W2081] 在馆    
2 1164104   211641044   市政与环境工程学院资料室/501自科库 121排2列2层/ [索取号:X93/W2081] 在馆    
河南城建学院图书馆 欢迎您!
大连网信软件有限公司© 版权所有